000 01230nam a2200409 a 4500
003 AR-BaBNM
005 20251128205716.0
008 082120s2002 ||||||||||||||000 | spa||
020 _a84-7112-388-6
040 _cAR-BaBNM
100 1 _aMcCormick, Robert
245 0 0 _aEvaluación del currículum en los centros escolares
260 _aMadrid
_bEdiciones Morata
_c1996
300 _a365 p.
_bgráfs.
490 0 _aPedagogía
500 _aÍndice de autores y materias: p. 348-363
500 _aEsquema del sistema educativo del Reino Unido: p. 364
500 _aEsquema del sistema educativo español: p. 365
504 _aBibliografía: p. 321-347
650 4 _aEVALUACION
650 4 _aCURRICULO
650 4 _aCENTROS PEDAGOGICOS
650 4 _aPLANIFICACION DEL CURRICULO
650 4 _aMEJORA DE LA EDUCACION
650 4 _aEVALUACION DEL PLAN DE ESTUDIOS
650 4 _aDESARROLLO PROFESIONAL
650 4 _aTECNICAS DE EVALUACION
650 4 _aPRACTICA PEDAGOGICA
651 4 _aReino Unido
651 4 _aEstados Unidos
653 _aINVESTIGACION ACCION
653 _aCURRICULO OCULTO
700 1 _aJames, Mary
700 1 _aManzano, Pablo
_etraductor
942 _cBK
998 _carturo
999 _c12497
_d12497